书目信息 |
| 题名: |
物联网射频识别(RFID)核心技术详解
|
|
| 作者: | 黄玉兰 编著 | |
| 分册: | ||
| 出版信息: | 北京 人民邮电出版社 2016.12 |
|
| 页数: | 10,430页 | |
| 开本: | 26cm | |
| 丛书名: | 物联网与云计算关键技术丛书 | |
| 单 册: | ||
| 中图分类: | F253.9 | |
| 科图分类: | ||
| 主题词: | 无线电信号--射频--信号识别--应用--物流 , 射频--无线电信号--信号识别 | |
| 电子资源: | ||
| ISBN: | 978-7-115-43818-8 | |
| 000 | 01123nam 2200313 450 | |
| 001 | 0400001981 | |
| 005 | 20171025160223.48 | |
| 010 | @a978-7-115-43818-8@dCNY59.00 | |
| 100 | @a20170802e2016 em y0chiy50 ea | |
| 101 | 0 | @achi |
| 102 | @aCN@b110000 | |
| 105 | @ay z 000yy | |
| 106 | @ar | |
| 200 | 1 | @a物联网射频识别(RFID)核心技术详解@9wu lian wang she pin shi bie (RFID) he xin ji shu xiang jie@dRadio frequency identification development internals@f黄玉兰编著 |
| 205 | @a第3版 | |
| 210 | @a北京@c人民邮电出版社@d2016.12 | |
| 215 | @a10,430页@c图@d26cm | |
| 225 | 2 | @a物联网与云计算关键技术丛书 |
| 225 | 1 | @a国家信息技术紧缺人才培养工程系列丛书 |
| 300 | @a国家信息技术紧缺人才培养工程 | |
| 461 | 0 | @12001 @a物联网与云计算关键技术丛书 |
| 461 | 0 | @12001 @a国家信息技术紧缺人才培养工程系列丛书 |
| 510 | 1 | @aRadio frequency identification development internals@zeng |
| 606 | 0 | @a无线电信号@x射频@x信号识别@x应用@x物流 |
| 606 | 0 | @a射频@x无线电信号@x信号识别 |
| 690 | @aF253.9@v5 | |
| 701 | 0 | @a黄玉兰@9huang yu lan@4编著 |
| 801 | 0 | @aCN@b91MARC@c20171019 |
| 905 | @b1026111-5@dF253.9@f5@e267=3 | |
| 物联网射频识别(RFID)核心技术详解=Radio frequency identification development internals/黄玉兰编著.-第3版.-北京:人民邮电出版社,2016.12 |
| 10,430页:图;26cm.-(物联网与云计算关键技术丛书).-(国家信息技术紧缺人才培养工程系列丛书) |
| 国家信息技术紧缺人才培养工程 |
| ISBN 978-7-115-43818-8:CNY59.00 |
| ● |
| 相关链接 |
|
|
|
|
正题名:物联网射频识别(RFID)核心技术详解
索取号:F253.9/267=3
 
预约/预借
| 序号 | 登录号 | 条形码 | 馆藏地/架位号 | 状态 | 备注 |
| 1 | 1026111 | 210261116 | 第一样本阅览室/ [索取号:F253.9/267=3] | 在馆 | |
| 2 | 1026112 | 210261125 | 密集书库—计算机科学学院/ [索取号:F253.9/267=3] | 在馆 | |
| 3 | 1026113 | 210261134 | 第一借阅区/ [索取号:F253.9/267=3] | 在馆 | |
| 4 | 1026114 | 210261143 | 第一借阅区/ [索取号:F253.9/267=3] | 在馆 | |
| 5 | 1026115 | 210261152 | 第一借阅区/ [索取号:F253.9/267=3] | 在馆 |